000 01158cam a22003017a 4500
005 20260317140527.0
020 _a9780889373495
050 0 0 _aRJ499.3
_b.T73
100 1 _aTrivedi, Harsh K.
245 1 0 _aPractical child and adolescent psychiatry for pediatrics and primary care /
_cHarsh K. Trivedi, Jeryl Dansky Kershner.
260 _aCambridge, MA :
_bHogrefe,
_cc2009.
300 _a1 v. (various pagings) :
_bill. ;
_c26 cm.
505 _aSec. 1. Getting ready Sec. 2. Approach to common chief complaints Sec. 3. Psychiatric diagnosis Sec. 4.Toolbox of intervention
650 0 _aChild psychiatry
650 0 _aAdolescent psychiatry
650 2 _aMental Disorders
_xdiagnosis
_xChild
650 2 _aMental Disorders
_xdiagnosis
_xInfant
650 2 _aMental Disorders
_xdiagnosis
_xAdolescent
650 2 _aMental Disorders
_xtherapy
_xChild
650 2 _aMental Disorders
_xtherapy
_xInfant
650 2 _aMental Disorders
_xtherapy
_xAdolescent
650 2 _aChild Development.
650 2 _aAdolescent Development.
650 6 _aEnfants
_xPsychiatrie
650 6 _aAdolescents
_xPsychiatrie
700 1 _aKershner, Jeryl Dansky.
942 _cBK
999 _c8526
_d8526